UM Logo

Image to meaning: (Record no. 4078)

MARC details
000 -LEADER
fixed length control field 00623nam a22001937a 4500
008 - FIXED-LENGTH DATA ELEMENTS--GENERAL INFORMATION
fixed length control field 160823b xxu||||| |||| 00| 0 eng d
020 ## - INTERNATIONAL STANDARD BOOK NUMBER
International Standard Book Number 9715503764
082 ## - DEWEY DECIMAL CLASSIFICATION NUMBER
Edition number 2001
Classification number DFil 809.9357
Item number G94
100 ## - MAIN ENTRY--PERSONAL NAME
9 (RLIN) 13573
Personal name Guillermo, Alice G.
245 ## - TITLE STATEMENT
Title Image to meaning:
Remainder of title essays on Philippine art/
Statement of responsibility, etc. Alice G. Guillermo
260 ## - PUBLICATION, DISTRIBUTION, ETC. (IMPRINT)
Place of publication, distribution, etc. Quezon City:
Name of publisher, distributor, etc. ADMU Press,
Date of publication, distribution, etc. c2001.
300 ## - PHYSICAL DESCRIPTION
Extent vii, 254 pages:
Other physical details illustrations;
Dimensions c2001.
500 ## - GENERAL NOTE
General note Includes references and index.
650 #0 - SUBJECT ADDED ENTRY--TOPICAL TERM
9 (RLIN) 13575
Topical term or geographic name as entry element Essays.
650 #0 - SUBJECT ADDED ENTRY--TOPICAL TERM
9 (RLIN) 13576
Topical term or geographic name as entry element Arts
General subdivision Literary collections
650 #0 - SUBJECT ADDED ENTRY--TOPICAL TERM
9 (RLIN) 13577
Topical term or geographic name as entry element Anthologies
365 ## - TRADE PRICE
Price amount 379.50
Currency code Php.
942 ## - ADDED ENTRY ELEMENTS (KOHA)
Source of classification or shelving scheme Dewey Decimal Classification
Koha item type Filipiniana
Holdings
Withdrawn status Lost status Source of classification or shelving scheme Damaged status Not for loan Collection code Home library Current library Date acquired Source of acquisition Total Checkouts Full call number Barcode Date last seen Copy number Cost, replacement price Price effective from Koha item type
    Dewey Decimal Classification     Filipiniana UM Digos College - LIC UM Digos College - LIC 10/28/2003 Purchased   DFil 809.9357 G94 2001 16250 05/15/2025 1 379.00 08/23/2016 Filipiniana
    Dewey Decimal Classification     Filipiniana UM Digos College - LIC UM Digos College - LIC 07/02/2004 Purchased   DFil 809.9357 G94 2001 17433 06/08/2021 2 435.00 08/23/2016 Filipiniana